Bước đầu xây dựng bộ câu hỏi trắc nghiệm khách quan MCQ để kiểm tra - đánh giá nhằm nâng cao chất lượng dạy và học chương I.A "Chuyển hóa vật chất và năng lượng ở thực vật" và chương III.A "Sinh trưởng và phát triển ở thực vật" - Sinh học 11 nâng cao - THPT

Tình hình nghiên cứu và sử dụng câu hỏi trắc nghiệm vào kiểm tra - đánh giá trên thế giới và ở Việt Nam. Mộ số điều cần lưu ý khi chọn câu hỏi trắc nghiệm khách quan nhiều lựa chọn MCQ. Đối tượng, khách thể và phương pháp nghiên cứu......

Cijeli opis

Spremljeno u:
Bibliografski detalji
Glavni autor: Đặng. Thanh Nhàn (Tác giả)
Daljnji autori: Đỗ Thị Trường ThS. (Người hướng dẫn)
Format: Knjiga
Jezik:Vietnamese
Izdano: Đà Nẵng ĐH Sư Phạm 2010
Serija:Khóa luận tốt nghiệp. Chuyên ngành: Sư phạm Sinh
Teme:
Oznake: Dodaj oznaku
Bez oznaka, Budi prvi tko označuje ovaj zapis!
Thư viện lưu trữ: Mạng thư viện Đại học Đà Nẵng
LEADER 01835nam a2200349 4500
001 000011418
003 7665
005 20120204090220.0
008 120204s2010 viesd
041 |a vie 
072 |a Khóa luận tốt nghiệp 
082 |a 570.071  |b DA-N 
100 |a Đặng. Thanh Nhàn  |e Tác giả 
245 |a Bước đầu xây dựng bộ câu hỏi trắc nghiệm khách quan MCQ để kiểm tra - đánh giá nhằm nâng cao chất lượng dạy và học chương I.A "Chuyển hóa vật chất và năng lượng ở thực vật" và chương III.A "Sinh trưởng và phát triển ở thực vật" - Sinh học 11 nâng cao - THPT  |c Đặng. Thanh Nhàn 
260 |a Đà Nẵng  |b ĐH Sư Phạm  |c 2010 
300 |a 54 tr  |c 29 cm 
490 |a Khóa luận tốt nghiệp. Chuyên ngành: Sư phạm Sinh 
500 |a Khoa Sinh Môi trường 
520 |a Tình hình nghiên cứu và sử dụng câu hỏi trắc nghiệm vào kiểm tra - đánh giá trên thế giới và ở Việt Nam. Mộ số điều cần lưu ý khi chọn câu hỏi trắc nghiệm khách quan nhiều lựa chọn MCQ. Đối tượng, khách thể và phương pháp nghiên cứu... 
653 |a Trắc nghiệm MCQ 
653 |a Sinh học 11 nâng cao 
700 |a Đỗ Thị Trường  |c ThS.  |e Người hướng dẫn 
OWN |a LSP 
AVA |a UDN50  |b LSP  |d 570.071 DA-N  |e available  |t Error 5001 Not defined in file expand_doc_bib_avail.  |f 1  |g 0  |h N  |i 0  |k 1 
999 |a From the UDN01 
AVA |a UDN50  |b LSP  |d 570.071 DA-N  |e available  |t Error 5001 Not defined in file expand_doc_bib_avail.  |f 1  |g 0  |h N  |i 0  |k 1 
TYP |a Monograph 
TYP |a Printed language 
980 |a Mạng thư viện Đại học Đà Nẵng